Logos de marques japonaises - Statistiques

Statistiques générales
  • Ce quiz a été pris 2 592 fois
  • Le résultat moyen est 12 sur 16
Statistiques - réponses
Par images Hint Réponse % Correct
Jeu vidéo Nintendo
99%
Divertissement Hello Kitty
98%
Automobile Toyota
98%
Automobile Honda
94%
Automobile Nissan
92%
Sport Asics
88%
Photographie Nikkon
86%
Jeu vidéo Sega
86%
Automobile Mitsubishi
76%
Animation Studio Ghibli
72%
E-commerce Rakuten
71%
Moto Yamaha
71%
Jeu vidéo Sony
61%
Mode Superdry
57%
Mode Comme des garçons
42%
Pneumatique Bridgestone
41%
Aucun quiz correspondant
Distribution des résultats
% des personnes avec chaque résultat
Percentile par nombre de réponses
Votre historique - résultats
Vous n’avez pas pris ce quiz